000
00361nam a2200169Ia 4500
001
6475
005
20250626030106.0
008
211022s9999 xx 000 0 und d
082
_a
743 JAC
100
_a
Jackson, Vaughan
245
0
_a
Drawing for Boys
260
_a
New York
260
_b
Pitman Publishing
260
_c
1956
300
_a
v.p
942
_c
BK
999
_c
6308
_d
6308